[Event "23rd EYCC Girls U18 2013"]
[Site "Budva MNE"]
[Date "2013.10.07"]
[Round "8.4"]
[White "Smirnova,Ek"]
[Black "Bivol,A"]
[Result "0-1"]
[WhiteElo "2107"]
[BlackElo "2241"]

1.d4 d5 2.c4 Nc6 3.Nc3 dxc4 4.d5 Ne5 5.f4 Ng4 6.e4 e5 7.Qa4+ Bd7 8.Qxc4 exf4
9.Bxf4 Qf6 10.Nh3 Bd6 11.Bxd6 cxd6 12.Qd3 Ne7 13.Be2 h5 14.O-O-O O-O 15.Rdf1 Qh6+
16.Kb1 f5 17.Ka1 Ng6 18.exf5 N6e5 19.Qd4 Ne3 20.Rc1 Bxf5 21.Qd2 Rac8 22.Ng1 a6
23.Nf3 Nxf3 24.Bxf3 Rfe8 25.a3 b5 26.Ka2 Qg6 27.Rhe1 Nc4 28.Qd4 Ne5 29.Be4 Bxe4
30.Qxe4 Qxe4 31.Rxe4 Nd3 32.Rxe8+ Rxe8 33.Rd1 Nc5 34.Rd2 g5 35.Kb1 Kg7 36.Kc2 Kf6
37.Rf2+ Kg6 38.b4 Nd7 39.Re2 Rxe2+ 40.Nxe2 Nb6 41.Ng3 Nc4 42.Kb3 h4 43.Ne4 Kf5
44.Nc3 Nd2+ 45.Kc2 Ne4 46.Ne2 Ke5 47.Kb3 Kxd5 48.h3 Nd2+ 49.Kc3 Nc4 50.Kb3 Ne5
51.g3 hxg3 52.Nxg3 Ng6 53.Nh1 Nf4 54.Nf2 Kd4 55.a4 bxa4+ 56.Kxa4 d5 57.b5 axb5+
58.Kxb5 Ke3 59.Ng4+ Ke4 60.Kc5 Nd3+ 61.Kd6 d4 62.Nf6+ Kf5 63.Ng4 Nb2 64.Kd5 d3
65.Ne3+ Kf4 66.Nf1 Kf3 67.Kd4 Kf2 68.Nd2 Ke2 69.Ne4 Nd1 70.Ng3+ Kf3 71.Ne4 Nf2
72.Nd2+ Ke2 73.Nb1 d2 74.Nc3+ Kf3 75.Ke5 Kg3 76.Kf5 Kh4 77.Kg6 d1=Q  0-1

[Event "23rd EYCC Open U18 2013"]
[Site "Budva MNE"]
[Date "2013.10.08"]
[Round "9.6"]
[White "Korchmar,V"]
[Black "Gordievsky,D"]
[Result "1/2-1/2"]
[WhiteElo "2323"]
[BlackElo "2455"]

1.d4 d5 2.c4 Nc6 3.Nc3 dxc4 4.Nf3 Nf6 5.Bg5 h6 6.Bxf6 exf6 7.e3 Bd6 8.Bxc4 O-O
9.O-O f5 10.Ne2 g5 11.Ng3 g4 12.Ne1 Qg5 13.Nd3 h5 14.Ne2 h4 15.Ndf4 Ne7 16.f3 c5
17.fxg4 fxg4 18.Nc3 Bf5 19.Nb5 Rad8 20.Qb3 cxd4 21.Nxd4 Bc8 22.Bxf7+ Rxf7
23.Nde6 Bxe6 24.Nxe6 Qe5 25.Rxf7 Qxh2+ 26.Kf1 Kxf7 27.Nxd8+ Ke8 28.Nxb7 Qh1+
29.Ke2 Qxg2+ 30.Kd3 Qc6 31.Nxd6+ Qxd6+ 32.Ke2 Qa6+ 33.Kd2 Qd6+ 34.Ke2 Qh2+
35.Kd3 Qd6+ 36.Ke2 Qh2+ 37.Kd3 Qd6+ 38.Ke2 Qh2+ 39.Kd3 Qd6+ 40.Ke2 Qh2+ 41.Kd3  1/2-1/2

[Event "3rd Central Asia Cup"]
[Site "Dushanbe TJK"]
[Date "2013.10.12"]
[Round "1.17"]
[White "Shyngys Kyzy,A"]
[Black "Ilhomzoda,I"]
[Result "0-1"]
[WhiteElo "1796"]
[BlackElo "2212"]

1.d4 d5 2.c4 Nc6 3.Nc3 dxc4 4.Nf3 Nf6 5.d5 Na5 6.Qa4+ c6 7.b4 b5 8.Qxa5 Qxa5
9.bxa5 b4 10.dxc6 bxc3 11.e3 Ba6 12.Rb1 e6 13.Ne5 Nd5 14.Bxc4 c2 15.Rb7 Bxc4
16.Nxc4 Bb4+ 17.Ke2 O-O 18.a3 Bc5 19.e4 Nc3+ 20.Kd3 Nd1 21.Kxc2 Nxf2 22.Re1 Rac8
23.c7 f6 24.e5 Rf7 25.exf6 gxf6 26.Rxe6 Rcxc7 27.Re8+ Kg7 28.Rb3 Bd6 29.Rc3 Bxh2
30.g3 Rfd7 31.Bf4 Rc6 32.Kb3 Nd3 33.Bb8 Nc5+ 34.Ka2 Na4 35.Rc2 Bg1 36.Ne3 Nc3+
37.Kb2 Bxe3 38.Rxe3 Nd1+ 39.Kb1 Rxc2  0-1

[Event "3rd Central Asia Cup"]
[Site "Dushanbe TJK"]
[Date "2013.10.16"]
[Round "5.18"]
[White "Khusenkhojaev,Mustafokhuja"]
[Black "Ilhomzoda,I"]
[Result "0-1"]
[WhiteElo "2057"]
[BlackElo "2212"]

1.d4 d5 2.c4 Nc6 3.e3 e5 4.cxd5 Qxd5 5.Nc3 Bb4 6.Bd2 Bxc3 7.bxc3 Nf6 8.c4 Qd6
9.d5 Ne7 10.Be2 O-O 11.Nf3 Ne4 12.O-O f5 13.Qc2 b6 14.Bc1 Ng6 15.Bb2 Bd7
16.Rac1 Nc5 17.Ba1 Rae8 18.Nd2 e4 19.Nb3 f4 20.Nxc5 bxc5 21.Qc3 Re7 22.f3 exf3
23.Bxf3 fxe3 24.Rce1 Nh4 25.Rxe3 Ref7 26.Ree1 Qg6 27.Be4 Qxe4 28.Qxg7+ Rxg7
29.Rxf8+ Kxf8 30.Bxg7+ Kxg7 31.Rxe4 Ng6 32.Re3 a5 33.Rb3 Kf6 34.Rb7 Ke5 35.Rxc7 Kd6
36.Ra7 Ne5 37.Ra6+ Kc7 38.Rxa5 Kb6 39.Ra8 Nxc4 40.Rh8 Bf5 41.g4 Bd3 42.Kf2 Ne5
43.Ke3 c4 44.Rc8 Kb7 45.Rxc4 Bxc4 46.Kd4 Nxg4 47.Kxc4 Nxh2 48.Kd3 Kc7 49.a4 Kd6
50.Ke4 Ng4 51.a5 Nf6+ 52.Kd4 Nxd5 53.a6 Nb4 54.Ke4 Nxa6 55.Kf3 Ke5 56.Kg3 Kf5
57.Kf3 h5 58.Kg3 Kg5 59.Kh3 h4 60.Kg2 Kg4 61.Kh2 h3 62.Kg1 Kg3 63.Kh1 Nc5
64.Kg1 Nd3 65.Kh1  0-1

[Event "17th OIBM 2013"]
[Site "Bad Wiessee GER"]
[Date "2013.10.26"]
[Round "1.11"]
[White "Graf,A"]
[Black "Maurer,R1"]
[Result "1-0"]
[WhiteElo "2607"]
[BlackElo "2000"]

1.d4 d5 2.c4 Nc6 3.Nc3 Nf6 4.cxd5 Nxd5 5.e4 Nxc3 6.bxc3 e5 7.d5 Ne7 8.Nf3 Bg4
9.Qa4+ Bd7 10.Qb3 Ng6 11.Qxb7 Bc5 12.Bb5 O-O 13.Bxd7 Qxd7 14.O-O Rab8 15.Qa6 Qg4
16.Qc4 Bd6 17.h3 Qh5 18.Be3 f5 19.exf5 Qxf5 20.Qg4 Qxg4 21.hxg4 Nf4 22.c4 Ne2+
23.Kh1 Rf6 24.c5 e4 25.cxd6 exf3 26.dxc7 Rc8 27.gxf3 Rxc7 28.Kg2 Rcf7 29.Rfd1 Rxf3
30.d6  1-0

[Event "1st La Dame Noire Masters"]
[Site "Montigny-le-Bretonneux FRA"]
[Date "2013.10.26"]
[Round "8.2"]
[White "Van Dongen,P"]
[Black "Todorov,Todor"]
[Result "0-1"]
[WhiteElo "2339"]
[BlackElo "2480"]

1.d4 d5 2.c4 Nc6 3.Nc3 dxc4 4.d5 Ne5 5.Bf4 Ng6 6.Bg3 e5 7.Nf3 Bd6 8.e4 Nf6
9.Nd2 h5 10.h4 a6 11.Nxc4 Bc5 12.Be2 Qe7 13.Qc2 O-O 14.O-O-O Bd7 15.Kb1 Rac8
16.Rhe1 b5 17.Na5 Bb4 18.Nc6 Bxc6 19.dxc6 Bxc3 20.Qxc3 Nxe4 21.Qc2 Nxg3 22.fxg3 Rfd8
23.Bxh5 Nf8 24.Bf3 Rxd1+ 25.Rxd1 Rd8 26.Rd5 Qf6 27.a3 Rxd5 28.Bxd5 Ng6 29.Bf3 Ne7
30.Qd2 Nxc6 31.Qd7 Nd4 32.Bd5 Qf5+ 33.Qxf5 Nxf5 34.b4 Kf8 35.Bb7 Ke7 36.Bxa6 c6
37.Bc8 Nxg3 38.Bg4 f5 39.Bd1 Kd6 40.a4 bxa4 41.Bxa4 f4 42.Kc2 Nf5 43.h5 e4
44.Kd2 Ne3  0-1

[Event "Pankrac Cup 2013"]
[Site "Prague CZE"]
[Date "2013.10.29"]
[Round "8"]
[White "Konopka,M"]
[Black "Petr,Ma"]
[Result "0-1"]
[WhiteElo "2416"]
[BlackElo "2534"]

1.d4 d5 2.c4 Nc6 3.cxd5 Qxd5 4.e3 e5 5.Nc3 Bb4 6.Bd2 Bxc3 7.bxc3 Nf6 8.Qb3 Qd6
9.Nf3 O-O 10.Bc1 Be6 11.Ba3 Bxb3 12.Bxd6 cxd6 13.axb3 exd4 14.Nxd4 Nxd4 15.cxd4 Rfc8
16.Be2 Rc3 17.Rb1 Rac8 18.O-O Kf8 19.Bf3 d5 20.g4 h6 21.Ra1 a6 22.Rfb1 R8c6
23.h3 Ke7 24.Ra5 Rc1+ 25.Rxc1 Rxc1+ 26.Kg2 Kd6 27.h4 g5 28.hxg5 hxg5 29.Be2 Rb1
30.Ra3 Rb2 31.Bf3 Kc6 32.Ra1 Rxb3 33.Rh1 Kd7 34.Rh8 a5 35.Ra8 b6 36.Bd1 Rb2
37.Bf3 Ne4 38.Bxe4 dxe4 39.Kg3 Rb3 40.d5 Rb5 41.Ra7+ Kd6 42.Rxf7 a4 43.f3 a3  0-1

[Event "4th Brno Open 2013"]
[Site "Brno CZE"]
[Date "2013.11.17"]
[Round "3.23"]
[White "Veselsky,Jan"]
[Black "Plat,V"]
[Result "0-1"]
[WhiteElo "1695"]
[BlackElo "2472"]

1.d4 d5 2.c4 Nc6 3.Nc3 dxc4 4.d5 Na5 5.Qa4+ c6 6.b4 b5 7.Qxa5 Qxa5 8.bxa5 b4
9.Nb1 cxd5 10.Bb2 e6 11.Nf3 Nf6 12.Bd4 Bd6 13.Ne5 Bc7 14.Nc6 Bd7 15.Nxb4 e5
16.Bc5 Bxa5 17.a3 Ne4 18.Be3 d4 19.Bc1 Rb8 20.f3 Nc5 21.Nd2 Bb5 22.e3 c3
23.Bxb5+ Rxb5 24.Nc4 Bc7 25.Ke2 O-O 26.Nd5 d3+ 27.Kf2 Nb3 28.Nxc7 Rc5 29.Rb1 Nxc1
30.Rhxc1 Rxc4 31.Nd5 c2 32.Rb2 d2 33.Rcxc2 Rxc2 34.Ne7+ Kh8 35.Rxc2 d1=Q  0-1

[Event "TCh-CZE Zapad 2013-14"]
[Site "Turnov CZE"]
[Date "2013.11.24"]
[Round "3.2"]
[White "Tupy,M"]
[Black "Vojta,T"]
[Result "0-1"]
[WhiteElo "2279"]
[BlackElo "2345"]

1.d4 d5 2.c4 Nc6 3.cxd5 Qxd5 4.e3 e5 5.Nc3 Bb4 6.Bd2 Bxc3 7.bxc3 Qd6 8.Bd3 Nf6
9.Ne2 O-O 10.f3 Re8 11.Qb1 b6 12.O-O Bb7 13.Ng3 Rad8 14.Qb2 g6 15.Rad1 Re7
16.Kh1 h5 17.Be1 Kg7 18.Bf2 h4 19.Ne4 Nxe4 20.Bxe4 h3 21.Bh4 f6 22.gxh3 Rh8
23.Qf2 exd4 24.cxd4 Nd8 25.Bxb7 Nxb7 26.e4 Rf7 27.Bg3 Qd7 28.h4 Rh5 29.e5 fxe5
30.dxe5 Qe6 31.Qd4 Nc5 32.Qc3 Rhf5 33.f4 Kh7 34.Rfe1 Re7 35.a3 Rff7 36.h5 gxh5
37.Qf3 Qf5 38.Bh4 Rxe5 39.Rxe5 Qxe5 40.fxe5 Rxf3 41.Be7 Rxa3 42.Bxc5 bxc5
43.Rd7+ Kg6 44.Rxc7 Ra5 45.e6 Kf6 46.e7 Kf7 47.Kg2 c4 48.Rxc4 Kxe7 49.Rc6 Ra4
50.Rh6 h4 51.Kh3 a5 52.Rh7+ Kf6 53.Rh6+ Kg5 54.Rh8 Ra3+ 55.Kg2 h3+ 56.Kf2 a4
57.Rg8+ Kf4 58.Re8 Rb3 59.Ra8 a3  0-1

[Event "5th Pilsen Open 2013"]
[Site "Plzen CZE"]
[Date "2013.11.25"]
[Round "2"]
[White "Ernst,M"]
[Black "Prachar,J"]
[Result "1-0"]
[WhiteElo "2164"]
[BlackElo "1900"]

1.d4 d5 2.c4 Nc6 3.cxd5 Qxd5 4.e3 e5 5.Nc3 Bb4 6.Bd2 Bxc3 7.Bxc3 exd4 8.Ne2 Nf6
9.Nxd4 O-O 10.Qb3 Nxd4 11.Bxd4 Be6 12.Bxf6 gxf6 13.Qxd5 Bxd5 14.Be2 Rad8
15.O-O c5 16.b3 b6 17.Rfd1 Kg7 18.Rd2 Be6 19.Rad1 Rxd2 20.Rxd2 Rc8 21.Ba6 Rc7
22.Kf1 Rd7 23.Ke2 Kf8 24.Rxd7 Bxd7 25.Kd3 Ke7 26.g3 h6 27.Ke4 Bh3 28.Kf4 Bd7
29.a4 Be6 30.Bc4 a6 31.Ke4 Kd6 32.h4 b5 33.axb5 axb5 34.Bxe6 fxe6 35.g4 f5+
36.gxf5 exf5+ 37.Kxf5 c4 38.bxc4 bxc4 39.Ke4 Kc5 40.f4 Kb4 41.f5 c3 42.f6 c2
43.f7 c1=Q 44.f8=Q+ Kb5 45.Qxh6 Qh1+ 46.Ke5 Qa1+ 47.Kf5 Qf1+ 48.Qf4 Qd3+
49.e4 Qd7+ 50.Kg5 Qg7+ 51.Kf5 Qd7+ 52.Kg5 Qg7+ 53.Kh5 Qh7+ 54.Kg4  1-0

[Event "9th Ugra Governor's Cup"]
[Site "Khanty-Mansiysk RUS"]
[Date "2013.11.28"]
[Round "1.18"]
[White "Aleksandrov,A"]
[Black "Pasiev,R"]
[Result "1-0"]
[WhiteElo "2586"]
[BlackElo "2405"]

1.d4 d5 2.c4 Nc6 3.e3 e5 4.dxe5 dxc4 5.Qxd8+ Kxd8 6.Nf3 Nb4 7.Na3 b5 8.b3 cxb3
9.axb3 c6 10.Be2 Ne7 11.Ng5 Ke8 12.O-O Ned5 13.Bd2 Be7 14.Ne4 Bf5 15.Bf3 Kd7
16.Rfd1 Bxe4 17.Bxe4 Ke6 18.f4 a5 19.Kf2 a4 20.g4 g6 21.bxa4 Rxa4 22.Nc2 Nxc2
23.Bxc2 Rxa1 24.Rxa1 c5 25.Ra6+ Kd7 26.Ra7+ Nc7 27.Ba5 Rc8 28.Be4 Bd8 29.Ke2 Rb8
30.Bd5 b4 31.Kd2 b3 32.Kc1 b2+ 33.Kb1 c4 34.Bxf7 Kc6 35.Bxc4  1-0

[Event "5th Classic Open 2013"]
[Site "London ENG"]
[Date "2013.12.08"]
[Round "2.60"]
[White "Quinn,Joh"]
[Black "Barasi,Paul Dl"]
[Result "1-0"]
[WhiteElo "2130"]
[BlackElo "1914"]

1.d4 d5 2.c4 Nc6 3.Nc3 dxc4 4.Nf3 Nf6 5.Bg5 h6 6.Bh4 Nd5 7.e4 Nb6 8.d5 Nb8
9.Ne5 N8d7 10.Nxc4 g5 11.Qd4 Rg8 12.Bg3 Bg7 13.e5 a6 14.Ne3 Nf8 15.O-O-O Bd7
16.Qe4 Qc8 17.Be2 c6 18.e6 cxd5 19.exf7+  1-0

[Event "5th Classic Open 2013"]
[Site "London ENG"]
[Date "2013.12.10"]
[Round "4.62"]
[White "Maduekwe,C"]
[Black "Barasi,Paul Dl"]
[Result "1-0"]
[WhiteElo "2126"]
[BlackElo "1914"]

1.d4 d5 2.c4 Nc6 3.Nc3 dxc4 4.Nf3 Nf6 5.Bg5 Nd5 6.e4 Nxc3 7.bxc3 Na5 8.Bxc4 Nxc4
9.Qa4+ c6 10.Qxc4 Be6 11.Qa4 b5 12.Qc2 g6 13.O-O Bg7 14.a4 O-O 15.h3 Qc7
16.Rfd1 a6 17.Re1 f6 18.Be3 Qb7 19.Reb1 Qd7 20.Bc1 g5 21.Ba3 h6 22.Re1 Kh8
23.Rad1 Rae8 24.Bc5 f5 25.axb5 fxe4 26.Qxe4 Bd5 27.Ne5 Qc8 28.Ng6+ Kg8 29.Qd3  1-0

[Event "6th Kolkata Open"]
[Site "Kolkata IND"]
[Date "2013.12.11"]
[Round "7.14"]
[White "Ravi,TeS"]
[Black "Rzayev,B"]
[Result "0-1"]
[WhiteElo "2335"]
[BlackElo "2465"]

1.d4 d5 2.c4 Nc6 3.Nc3 dxc4 4.Nf3 Nf6 5.Bg5 h6 6.Bh4 e6 7.e3 a6 8.a4 Na5
9.Ne5 c5 10.dxc5 Qxd1+ 11.Rxd1 Bxc5 12.Nxc4 Nxc4 13.Bxc4 Bd7 14.Be2 Bc6 15.Bf3 Rc8
16.Bxc6+ Rxc6 17.Ne4 Bb4+ 18.Ke2 Nd5 19.Rc1 f5 20.Rxc6 bxc6 21.Nd2 Bxd2 22.Kxd2 g5
23.Bg3 f4 24.exf4 gxf4 25.Bh4 Kd7 26.g3 Rb8 27.Kc2 Rb4 28.b3 f3 29.Re1 c5
30.Re5 c4 31.bxc4 Rxc4+ 32.Kb3 Rb4+ 33.Ka3 Rd4 34.Kb3 Rd3+ 35.Kc4 Ra3 36.Rh5 Rxa4+
37.Kb3 Rb4+ 38.Ka3 a5 39.Rxh6 Nb6 40.Ka2 Re4 41.Ka3 Rb4 42.Ka2 Re4 43.Ka3 Nc4+
44.Ka4 Nb2+ 45.Kxa5 Kc6  0-1

[Event "5th Classic Open 2013"]
[Site "London ENG"]
[Date "2013.12.13"]
[Round "7.57"]
[White "Berry,N"]
[Black "Wood,Peter R"]
[Result "1/2-1/2"]
[WhiteElo "2242"]
[BlackElo "1970"]

1.d4 d5 2.c4 Nc6 3.Nf3 Bg4 4.Nc3 e6 5.Bf4 Bxf3 6.gxf3 dxc4 7.e3 Bd6 8.Bg3 Nf6
9.Bxc4 Qd7 10.Rc1 a6 11.a3 h5 12.Bxd6 Qxd6 13.f4 O-O-O 14.b4 Nxd4 15.exd4 Qc6
16.Rg1 Qxc4 17.Ne2 Qd5 18.Rc5 Qf3 19.Rc3 Qd5 20.Rc5 Qf3  1/2-1/2

[Event "Pavlodar Open 2013"]
[Site "Pavlodar KAZ"]
[Date "2013.12.15"]
[Round "6.10"]
[White "Ulibin,M"]
[Black "Egorov,E"]
[Result "1-0"]
[WhiteElo "2506"]
[BlackElo "2361"]

1.d4 d5 2.c4 Nc6 3.Nf3 e5 4.dxe5 Bb4+ 5.Bd2 dxc4 6.Qa4 Qe7 7.a3 Bxd2+ 8.Nbxd2 Bd7
9.Qxc4 Nxe5 10.Qc3 Nxf3+ 11.Nxf3 Nf6 12.Qxc7 Rc8 13.Qe5 Be6 14.g3 Bd5 15.Qxe7+ Kxe7
16.Bg2 Rc2 17.b4 Rd8 18.O-O Rxe2 19.Rad1 Ra2 20.Rfe1+ Be6 21.Nd4 Rd7 22.Rd3 Kd8
23.Bxb7 Bf5 24.Rdd1 Bh3 25.Bc6 Rd6 26.Ne6+ Bxe6 27.Rxd6+ Kc7 28.Red1 Bb3
29.R1d4 Rxa3 30.Bf3 Bd5 31.R6xd5 Rxf3 32.Rd8 Rf5 33.Ra8 Kb6 34.Rf8 Rd5 35.Rxd5 Nxd5
36.Rxf7 Nxb4 37.Kf1 a5 38.Ke2 a4 39.Kd2 a3 40.Kc3 Nd3 41.Kb3 g5 42.Kxa3 Kc5
43.Rf5+ Kd4 44.Rxg5 Nxf2 45.Rh5 Ke3 46.Rxh7 Ng4 47.h3 Nf6 48.Re7+  1-0

[Event "Pavlodar Open 2013"]
[Site "Pavlodar KAZ"]
[Date "2013.12.16"]
[Round "7.33"]
[White "Mezentsev,Iv"]
[Black "Gurkin,A"]
[Result "1/2-1/2"]
[WhiteElo "1929"]
[BlackElo "2254"]

1.d4 d5 2.c4 Nc6 3.Nc3 dxc4 4.Nf3 Nf6 5.d5 Na5 6.Qa4+ c6 7.b4 b5 8.Qxa5 Qxa5
9.bxa5 b4 10.Nd1 cxd5 11.g3 e6 12.Bf4 Ne4 13.Bg2 f6 14.Nd2 Nxd2 15.Bxd2 Ba6
16.Be3 Bd6 17.f4 g6 18.Bd4 Ke7 19.Ne3 Rac8 20.Rb1 Bc5 21.Nc2 Kd6 22.Bxf6 Rhf8
23.Be5+ Kd7 24.Nxb4 Bb7 25.Nd3 cxd3 26.Rxb7+ Kc6 27.Rb1 Bd6 28.exd3 Bxe5
29.fxe5 Kc5 30.Ke2 Kd4 31.Rhc1 Kxe5 32.Ke3 h5 33.a6 g5 34.d4+ Kd6 35.Bf3 Rxc1
36.Rxc1 g4 37.Be2 Rb8 38.Bd3 h4 39.Rc2 e5 40.Be2 exd4+ 41.Kd3 Rb6 42.Kxd4 hxg3
43.hxg3 Rb4+ 44.Kd3 Ra4 45.Ke3 Re4+ 46.Kd3 Ra4 47.Kd2 Ra3 48.Bxg4 Rxg3 49.Bc8 Rg2+
50.Kc3 d4+ 51.Kd3 Rxc2 52.Kxc2 d3+ 53.Kxd3 Kc7 54.Bb7 Kb8 55.Kc4 Kc7 56.Kc5 Kb8
57.Be4 Kc7 58.Bd5 Kb8 59.Kc6 Kc8 60.Bf7 Kb8 61.a3 Kc8 62.a4 Kb8 63.a5 Ka8
64.Bd5 Kb8 65.Be4 Kc8 66.Bd3 Kb8 67.Bb5 Kc8 68.Kd6 Kb8 69.Bc6 Kc8 70.Bb7+ Kb8
71.Bd5 Kc8 72.Ba8 Kb8 73.Ke7 Kxa8 74.Kd7 Kb8  1/2-1/2

[Event "51st ch-IND Premier 2013"]
[Site "Jalgaon IND"]
[Date "2013.12.18"]
[Round "2.1"]
[White "Debashis,D"]
[Black "Thejkumar,M"]
[Result "0-1"]
[WhiteElo "2507"]
[BlackElo "2452"]

1.d4 d5 2.c4 Nc6 3.Nf3 Bg4 4.cxd5 Bxf3 5.gxf3 Qxd5 6.e3 e5 7.Nc3 Bb4 8.Bd2 Bxc3
9.bxc3 Qd6 10.Rb1 b6 11.Rg1 g6 12.dxe5 Nxe5 13.f4 Nd3+ 14.Bxd3 Qxd3 15.Qa4+ Kf8
16.Rd1 Rd8 17.c4 Ne7 18.f3 f6 19.Kf2 Kf7 20.Rge1 Qd7 21.Qxd7 Rxd7 22.Bc3 Rhd8
23.Rxd7 Rxd7 24.Ke2 Nf5 25.Rc1 c5 26.Bd2 Ne7 27.Rc2 Nc6 28.Rb2 g5 29.fxg5 fxg5
30.Bc3 Ke6 31.Rb1 Ne5 32.Rg1 g4 33.f4 Nxc4 34.e4 h5 35.f5+ Kf7 36.h3 Nd6
37.Rd1 Ke8 38.Rd5 Nxe4  0-1

[Event "16th Padova Open A 2013"]
[Site "Padova ITA"]
[Date "2013.12.18"]
[Round "5.1"]
[White "Georgiev,Ki"]
[Black "Rombaldoni,D"]
[Result "1/2-1/2"]
[WhiteElo "2648"]
[BlackElo "2462"]

1.d4 d5 2.c4 Nc6 3.Nc3 dxc4 4.Nf3 Nf6 5.e4 Bg4 6.Bxc4 e6 7.Bb5 Bb4 8.Bg5 h6
9.Bxf6 Qxf6 10.a3 Bxc3+ 11.bxc3 O-O 12.h3 Bxf3 13.Qxf3 Qxf3 14.gxf3 Na5 15.O-O-O Rfd8
16.Kc2 c5 17.dxc5 Rdc8 18.c6 Nxc6 19.Rd7 Na5 20.Rhd1 Rc5 21.a4 a6 22.Rd8+ Rxd8
23.Rxd8+ Kh7 24.Bd3 g6 25.f4 Rh5 26.f5 gxf5 27.exf5 Kg7 28.fxe6 fxe6 29.Be4 Rxh3
30.Bxb7 Nxb7 31.Rd7+ Kf6 32.Rxb7 Rf3 33.Ra7 h5 34.Rxa6 h4 35.Ra8 Rxf2+ 36.Kd3 Kg7
37.Ra7+ Kg6 38.Ra8 Kg7 39.Ra7+ Kg6 40.Ra8 Kg5 41.a5 h3 42.a6 h2 43.Rh8 Ra2  1/2-1/2

[Event "20th Zadar Open A 2013"]
[Site "Zadar CRO"]
[Date "2013.12.18"]
[Round "5.7"]
[White "Indjic,A"]
[Black "Fercec,N"]
[Result "1-0"]
[WhiteElo "2541"]
[BlackElo "2471"]

1.d4 d5 2.c4 Nc6 3.Nc3 dxc4 4.Nf3 Nf6 5.Bg5 h6 6.Bh4 Nd5 7.e4 Nxc3 8.bxc3 g5
9.Bg3 Bg7 10.Bxc4 O-O 11.h4 g4 12.Nd2 Na5 13.Be2 c5 14.dxc5 Bxc3 15.Rc1 Qd4
16.Qc2 Bb4 17.Bf4 Rd8 18.Bxh6 g3 19.O-O gxf2+ 20.Rxf2 Bxd2 21.Rd1 Bxh6 22.Rxd4 Rxd4
23.Qc3 Nc6 24.Qg3+ Kh8 25.Bh5 Be6 26.Bxf7 Bxf7 27.Rxf7 Rg8 28.Qc3 e5 29.Rf6 Kh7
30.Qf3 Ne7 31.Qh5 Rg6 32.Rf7+  1-0

[Event "Al-Ain Classic Open A 2013"]
[Site "Al-Ain UAE"]
[Date "2013.12.21"]
[Round "3.37"]
[White "Abdulkarim,A"]
[Black "Thakur,Ak"]
[Result "0-1"]
[WhiteElo "1944"]
[BlackElo "2283"]

1.d4 d5 2.c4 Nc6 3.Nf3 Bg4 4.e3 e6 5.cxd5 exd5 6.Bb5 Bd6 7.Nc3 Ne7 8.Bd2 O-O
9.Rc1 Nb8 10.Na4 Nd7 11.Bd3 Bf5 12.Bxf5 Nxf5 13.Qb3 Nb6 14.Nxb6 axb6 15.Qd3 Ne7  0-1

[Event "St Petersburg Blitz Prelim 2013"]
[Site "St Petersburg RUS"]
[Date "2013.12.22"]
[Round "2.8"]
[White "Kolpakov,A"]
[Black "Moiseenko,Va"]
[Result "0-1"]
[WhiteElo "2246"]
[BlackElo "2467"]

1.d4 d5 2.c4 Nc6 3.Nc3 e6 4.Nf3 Nf6 5.g3 Bb4 6.Bg2 O-O 7.O-O dxc4 8.a3 Bxc3
9.bxc3 Na5 10.Nd2 Bd7 11.a4 Re8 12.Ba3 Bc6 13.e4 Nb3 14.Nxb3 cxb3 15.Qxb3 Bxe4
16.Bxe4 Nxe4 17.Qxb7 Nxc3 18.Bc5 a6 19.Rfe1 Qd7 20.Rac1 Nxa4 21.Ba3 Qxd4
22.Rxc7 Reb8 23.Qf3 Qf6 24.Qe4 Nc3 25.Qc6 Nd5 26.Rd7 h5 27.Bd6 Rc8 28.Qb7 Qf5
29.Be5 h4 30.gxh4 Qg4+ 31.Bg3 Qf3 32.h5 Qxh5 33.Re5 Qf3 34.Re1 Re8 35.Qc6 Rac8
36.Qb7 Rc3 37.Qxa6 Rd3 38.Qb7 Rd1 39.Rxd1 Qxd1+ 40.Kg2 Rf8 41.Bd6 Qg4+ 42.Bg3 Nf6
43.Rc7 Qf5 44.Qa7 Nd5 45.Rb7 Rc8 46.Rb8 Qc2 47.Rxc8+ Qxc8 48.Qd4 Qc6 49.Kg1  0-1

[Event "26th Staufer-Open A 2014"]
[Site "Schwaebisch Gmuend GER"]
[Date "2014.01.02"]
[Round "2.22"]
[White "Aring,G"]
[Black "Pohl,Wa"]
[Result "0-1"]
[WhiteElo "2215"]
[BlackElo "2129"]

1.d4 d5 2.c4 Nc6 3.Nf3 Bg4 4.Nc3 Nf6 5.e3 e6 6.Be2 Be7 7.O-O O-O 8.b3 Bd6
9.Bb2 Nb8 10.c5 Be7 11.b4 Nbd7 12.b5 Ne4 13.Nxe4 dxe4 14.Nd2 Bf5 15.Qc2 Nf6
16.a4 Qd5 17.Bc4 Qd7 18.Ba3 c6 19.Rab1 b6 20.Rfc1 Rfd8 21.Nb3 Rdc8 22.Qa2 Kf8
23.bxc6 Qxc6 24.Ba6 Rd8 25.cxb6 Qxb6 26.Nc5 Qd6 27.Bb7 Rab8 28.Rb3 Ng4 29.g3 e5
30.Nxe4 Qd7 31.Bc6 Qc7 32.Bb5 Qb7 33.Nc5 Qd5 34.e4 Bxe4 35.Nxe4 Qxe4 36.Bxe7+ Kxe7
37.Qa3+ Kf6 38.Rc6+ Kg5 39.Qc1+ Kh5 40.h4 f6 41.dxe5 Nxe5 42.Re3 Qd4 43.Be2+ Kg6
44.h5+ Kf7 45.Rc7+ Rd7 46.Rxd7+ Qxd7 47.f4 Rc8 48.Qb2 Nc6 49.Bc4+ Kf8 50.Qa3+ Ne7
51.Qb3 Qd4 52.Kf2 Qxc4 53.Qb7 Qc2+ 54.Re2 Qc5+ 55.Re3 Rd8 56.Qe4 Rd2+ 57.Kf3 Qd5
58.Rb3 Qxb3+  0-1